000 00377nam a2200157Ia 4500
008 221030s9999 xx 000 0 und d
020 _a8176566799
041 _aEnglish
082 _a105.23
_bBPB
100 _aBPB
245 0 _aWorld Transistor Equivalents & Data O-U Series
_cby BPB
260 _bBPB Pub
_aNew Delhi
_c1992
300 _a3.11
650 _aECE
942 _cBK
999 _c8420
_d8420